Представление документа в формате MARC21

Поле Инд. ПП Название Значение
Тип записи a
Библиографический уровень m
001 Контрольный номер UNIDUBNAf4ef188153e0473ca701ab27ccee1d95
005 Дата корректировки 20260424092434.6
008 Кодируемые данные 20120911
017 a Номер регистрации авт. права Акт приемки-передачи Произведения № 04/2025, № 04/2025/1 от 20.05.2025
020 a ISBN 978-5-89847-727-1
040 b Код языка каталог. rus
e Правила каталог. PSBO
041 0_ a Код языка текста rus
084 a Индекс другой классификации/Индекс ББК 24.4в631.8я73
090 a Полочн. индекс 24.4в631.8я73
x Авторский знак Т 367
100 1_ a Автор Тестов Д. С.
q Полное имя Тестов Дмитрий Сергеевич
100 1_ a Автор Фадейкина И. Н.
q Полное имя Фадейкина Ирина Николаевна
245 10 a Заглавие Обработка результатов химического эксперимента. Введение в анализ данных
b Продолж. заглавия учебное пособие
c Ответственность Государственный университет "Дубна". Факультет естественных и инженерных наук. Кафедра химии, новых технологий и материалов; редактор Е. В. Григорьева; рецензенты С. В. Моржухина, И. В. Мухина
260 a Место издания Дубна
b Издательство Государственный университет "Дубна"
c Дата издания 2025
300 a Объем 118 с.
336 a Термин вида содержания Текст
337 a Термин типа средства непосредственный + электронный
521 0_ a Примеч. о целев. назн. студенты
650 14 a Основная рубрика аналитическая химия
a Основная рубрика математические методы
a Основная рубрика химия
653 0_ a Ключевые слова анализ данных
a Ключевые слова математическая статистика
a Ключевые слова обработка результатов эксперимента
a Ключевые слова погрешности измерений
a Ключевые слова статистические методы
a Ключевые слова химические эксперименты
655 a Жанр/ форма (устаревшее) учебное пособие
700 12 a Автор Григорьева Е. В.
e Роль лиц редактор
700 12 a Автор Моржухина С. В.
e Роль лиц рецензент
700 12 a Автор Мухина И. В.
e Роль лиц рецензент
720 a Наименование подборки СЭБ5
e Признак/вид подборки Тематические подборки
856 40 a Имя сервера/домена Библиотечная система Университета "Дубна"
d Путь http://lib.uni-dubna.ru/MegaPRO/Web
i Указания/сценарий входа Доступ по номеру читательского билета и фамилии читателя
y Справочный текст Электронная версия
u URL https://lib.uni-dubna.ru/MegaPRO/UserEntry?Action=FindDocs&ids=184071&idb=ec_110
856 40 a Имя сервера/домена ЭБС "Лань"
d Путь http://e.lanbook.com/
i Указания/сценарий входа Доступ по логину и паролю
u URL https://e.lanbook.com/book/516062
v Время доступа к ресурсу 10.04.2026
y Справочный текст Электронная версия
900 a Имя электронного ресурса akt_04_2025_Testov
900 a Имя электронного ресурса akt_04_2025_Fadeykina
900 a Имя электронного ресурса Testov_Obrabotka
x Справочная информация Полный текст
900 a Имя электронного ресурса obl_Testov_Obrabotka
x Справочная информация Обложка
901 t Тип документа m
952 a Тип литературы для КСУ ВШ УИ
954 a Гриф 4.50.10